000 00934nam a2200265Ia 4500
003 OSt
005 20220923230936.0
006 a|||||r|||| 00| 0
007 ta
008 220922b |||||||| |||| 00| 0 hin d
024 _a317,003
037 _cTextual
040 _aARTS
_cARTS
_bhin
041 _2hin
_ahin
082 _aO:gN, 152 M0
100 _aचतुर्वेदी, महेन्द्र, संपा.
_9157971
245 0 _aनई समीक्षा
246 _aNaī samīkṣhā
260 _aदिल्ली
_b ग्रंथ निर्माण निदेशालय
_c1980
300 _a159i`-
_ccm.
650 _a हिन्दी साहित्य
_9156264
650 _aहिन्दी साहित्य
_9156264
942 _hO:gN, 152 M0
_cTEXL
_2CC
999 _c388391
_d388391